BIBLIOTHÈQUE DE LA MAISON DU MEXIQUE

Logo 1 Logo 2

Juárez (Registro nro. 11982)

Detalles MARC
000 -Sello discográfico
campo de control de longitud fija 00953nam a2200301 4500
005 - Identificación de versión
campo de control 20251016083059.0
035 ## - Otros números de control del sistema
Número de control del sistema 11424
099 ## - fechas locales
Tipo de ítem Koha LIBRO
100 ## - Datos de procesamiento general
Datos de procesamiento general 20041021d19741970m y1spay5003 ba
105 ## - Campo de datos codificados: Material textual, monográfico
Datos codificados de monografía y 001zy
200 1# - Título y mención de responsabilidad
Título propio Juárez
Designación general del material texto impreso
Otra información del título su obra y su tiempo
Primer mención de responsabilidad Justo Sierra
Declaración de responsabilidad subsiguiente introducción Agustín Yáñez
205 ## - Declaración de edición
Declaración de edición 3a ed
210 ## - Publicación, distribución, etc.
Lugar de publicación, distribución, etc. México
Nombre del editor, distribuidor, etc. Editorial Porrúa
Fecha de publicación, distribución, etc. 1974
215 ## - Descripción física
Designación de material específico y extensión del ítem XI, 475 p
Dimensiones 22 cm
345 ## - Nota de información de adquisición
Fuente de adquisición/dirección de la suscripción [OBSOLETO] Donación
410 #1 - Series
Título Colección "Sepan Cuantos ..."
Número de volumen 146
600 ## - Nombre personal usado como materia
Elemento de entrada Juárez García
Parte del nombre distinta del elemento de entrada Benito Pablo
Fechas 1806-1872
Adiciones al nombre que no sean fechas pres. México
Número Koha 2398
607 ## - Nombre geográfico utilizado como tema
Elemento de entrada México
Subdivisión temática Historia
Subdivisión cronológica 1821-1861
Número Koha 2709
700 ## - Nombre personal - Responsabilidad primaria
Elemento de entrada Sierra Méndez
Parte del nombre distinta del elemento de entrada Justo
Fechas 1848-1912
Número Koha 4260
702 ## - Nombre personal - Responsabilidad secundaria
Elemento de entrada Yáñez Delgadillo
Parte del nombre distinta del elemento de entrada Agustín
Fechas 1904-1980
Número Koha 3220
801 #0 - Fuente de origen
Agencia cm
900 ## -
-- 1/8419
900 ## -
-- 7100420185\211004
942 ## - ELEMENTOS DE ENTRADA SECUNDARIOS (KOHA)
Tipo de ítem Koha Libro
996 ## -
-- MEX
-- 751145101
-- MMAG
-- 012415
-- 080 S479 V.146
-- 20250210LIV
Existencias
Estatus retirado Estado de daño Estado de pérdida Fecha de adquisición Biblioteca de origen Biblioteca actual Ubicación en estantería Código de barras Precio de reemplazo Signatura topográfica completa No para préstamo Tipo de ítem Koha Nota pública Nota no pública
      05/08/2025 Casa México Paris Casa México Paris   012415 05/08/2025 080 S479 V.146   Libro 20250210LIV 751145101